000 00387 a2200169 4500
001 73202
020 _a85262366709
040 _cAnchieta - Colégio São Paulo
100 _aLeão, Jayme
240 1 0 _aCiências & sociedade
_lpor
245 1 0 _aCiências & sociedade
300 _a356
362 0 _a2001
440 1 _aScipione
650 4 _aCiência da vida - Biologia
942 _cBK
999 _c73202
_d73202